[Event "Tatry Open"]
[Site "High Tatras SVK"]
[Date "2001.10.03"]
[Round "6"]
[White "Kasparov,S"]
[Black "Karlik,V"]
[Result "1/2-1/2"]
[WhiteElo "2494"]
[BlackElo "2283"]

1.e4 c5 2.Nf3 Nc6 3.Bb5 g6 4.Bxc6 dxc6 5.d3 Bg7 6.h3 e5 7.O-O Qc7 8.Nc3 Nf6
9.Be3 b6 10.Qd2 O-O 11.Bh6 Re8 12.Bxg7 Kxg7 13.b3 h6 14.Ne2 Qe7 15.Nh2 Qd6
16.Qe3 Nh5 17.f4 Nxf4 18.Nxf4 exf4 19.Qxf4 Qxf4 20.Rxf4 f5 21.exf5 Bxf5 22.Nf1 Be6
23.Ng3 Rf8 24.Re4 Bd5 25.Re7+ Rf7 26.Rae1 Kf8 27.R7e5 Rd7 28.Ne4 Kg7 29.Nc3 Bf7
30.a4 a5 31.Ne4 Raa7 32.Nd2 Kf8 33.Nc4 Rab7 34.Kf2 Rb8 35.Kg3 Rbb7 36.Rf1 Kg7
37.h4 Rd4 38.Nxb6 Bxb3 39.cxb3 Rxd3+ 40.Kh2 Rxb6 41.Re7+ Kg8 42.Rf6 Rd4 43.g3 g5
44.Rc7  1/2-1/2

[Event "Tatry Open"]
[Site "High Tatras SVK"]
[Date "2001.10.03"]
[Round "6"]
[White "Kotan,L"]
[Black "Hlinka,V"]
[Result "1/2-1/2"]
[WhiteElo "2347"]
[BlackElo "2142"]

1.e4 c5 2.Nf3 Nc6 3.Bb5 d6 4.O-O Bd7 5.c3 Nf6 6.Re1 a6 7.Ba4 b5 8.Bc2 Bg4
9.h3 Bh5 10.d3 e6 11.Nbd2 Be7 12.Nf1 Ne5 13.g4 Nxf3+ 14.Qxf3 Bg6 15.Qg2 e5
16.Ng3 O-O 17.Nf5 Nd7 18.f4 exf4 19.Bxf4 Ne5 20.a4 Bg5 21.Bg3 Rb8 22.axb5 axb5
23.Ra6 Rb6 24.Rxb6 Qxb6 25.h4 Bxf5 26.exf5 Bd2 27.Rxe5 dxe5 28.Qxd2 Ra8 29.Qg2 Ra1+
30.Kh2 c4 31.Bf2 Qd6 32.Qe4 h6 33.Bg3 f6 34.g5 hxg5 35.hxg5 fxg5 36.Kg2 Qh6
37.Be1 g4 38.Qxe5 Rc1 39.Qe2 Qh3+ 40.Kg1 g3 41.Qe8+ Kh7 42.Qg6+ Kg8  1/2-1/2

[Event "Chigorin Mem Open"]
[Site "St Petersburg RUS"]
[Date "2001.10.03"]
[Round "9"]
[White "Polovnikova,E"]
[Black "Muratov,S"]
[Result "1-0"]
[WhiteElo "2385"]
[BlackElo "2303"]

1.e4 c5 2.Nf3 Nc6 3.Bb5 g6 4.Bxc6 dxc6 5.h3 Bg7 6.d3 Nf6 7.Nc3 O-O 8.Be3 Nd7
9.Qd2 Re8 10.Bh6 e5 11.O-O-O Nf8 12.Nh2 Bxh6 13.Qxh6 Ne6 14.Ng4 Nf8 15.f4 Bxg4
16.hxg4 exf4 17.e5 Rxe5 18.Ne4 Qe7 19.Qxf4 f5 20.gxf5 Rxf5 21.Qd2 c4 22.g4 Rf3
23.Rde1 Qg7 24.dxc4 a5 25.g5 Nd7 26.Rd1 Re8 27.Rh4 Re7 28.Qxa5 Re3 29.Qd8+ Qf8
30.Rxd7 R7xe4 31.Rxe4 Rxe4 32.Qxf8+ Kxf8 33.Rxh7 b5 34.cxb5 cxb5 35.Kd2 Rg4
36.Kc3 Rxg5 37.Kb4 Rg2 38.Rc7 g5 39.Kxb5 g4 40.a4 g3 41.a5 Re2 42.Rc3 Re5+
43.Ka4 g2 44.Rg3 Re4+ 45.b4 Re2 46.a6 Ke7 47.a7 Rxc2 48.Kb5  1-0

[Event "Chigorin Mem Open"]
[Site "St Petersburg RUS"]
[Date "2001.10.03"]
[Round "9"]
[White "Markarov,A"]
[Black "Fazulyanov,S"]
[Result "1-0"]
[WhiteElo "2317"]
[BlackElo "2217"]

1.e4 c5 2.Nf3 Nc6 3.Bb5 d6 4.O-O Bd7 5.c3 Nf6 6.Re1 a6 7.Ba4 e5 8.Bc2 Bg4
9.h3 Bh5 10.d3 Be7 11.Nbd2 O-O 12.Nf1 Re8 13.Ng3 Bg6 14.Nh4 d5 15.Qf3 dxe4
16.dxe4 c4 17.Nhf5 Bf8 18.Bg5 Re6 19.b4 Ne7 20.h4 Qc7 21.Rad1 Bxf5 22.exf5 Rc6
23.Ba4 b5 24.Bxf6 gxf6 25.Bc2 Rd8 26.Qg4+ Kh8 27.Rxd8 Qxd8 28.Ne4 Qd7 29.Qh5 Kg8
30.Re3 Qd8 31.Rg3+ Bg7 32.Ng5 fxg5 33.Qxg5 Qf8 34.f6 Ng6 35.fxg7 Qe7 36.Qh6 e4
37.h5  1-0

[Event "ch-POL w"]
[Site "Brzeg Dolny POL"]
[Date "2001.10.04"]
[Round "10"]
[White "Grabarska,B"]
[Black "Krupa,M"]
[Result "1-0"]
[WhiteElo "2253"]
[BlackElo "2307"]

1.e4 c5 2.Nf3 Nc6 3.Bb5 e6 4.Bxc6 bxc6 5.d3 Ne7 6.O-O Ng6 7.Ng5 Be7 8.Qh5 e5
9.f4 Bxg5 10.fxg5 d6 11.Be3 Be6 12.b3 Qd7 13.h3 O-O-O 14.Nd2 h6 15.gxh6 Nf4
16.Bxf4 exf4 17.Rxf4 Rxh6 18.Qf3 Rdh8 19.Rf1 f6 20.Kf2 Qd8 21.e5 d5 22.Qe3 fxe5
23.Qxe5 g5 24.Ra4 Kb7 25.Nf3 Rf6 26.d4 Rhf8 27.Kg1 Qb6 28.Nd2 Rxf1+ 29.Nxf1 Re8
30.Qd6 Bf5 31.dxc5 Qd8 32.Rb4+  1-0

[Event "Tatry Open"]
[Site "High Tatras SVK"]
[Date "2001.10.04"]
[Round "7"]
[White "Hasangatin,R"]
[Black "Folk,P"]
[Result "1-0"]
[WhiteElo "2482"]
[BlackElo "2279"]

1.e4 c5 2.Nf3 Nc6 3.Bb5 d6 4.Bxc6+ bxc6 5.O-O e5 6.c3 Nf6 7.Re1 Bg4 8.h3 Bh5
9.d3 Be7 10.Nbd2 Nd7 11.Nf1 Bxf3 12.Qxf3 O-O 13.Be3 Bg5 14.Rad1 g6 15.d4 cxd4
16.cxd4 Bxe3 17.Nxe3 Qa5 18.dxe5 Nxe5 19.Qf6 Rfe8 20.f4 Re6 21.Qh4 Nd7 22.f5 Re5
23.Ng4 Qb6+ 24.Kh1 Qc5 25.Rf1  1-0

[Event "Tatry Open"]
[Site "High Tatras SVK"]
[Date "2001.10.04"]
[Round "7"]
[White "Schwarz,D"]
[Black "Zambor,N"]
[Result "1/2-1/2"]
[WhiteElo "2157"]
[BlackElo "2270"]

1.e4 c5 2.Nf3 Nc6 3.Bb5 e6 4.Bxc6 bxc6 5.d3 Ne7 6.b3 Ng6 7.Bb2 f6 8.Nc3 e5
9.h4 d5 10.h5 Nf4 11.g3 Ne6 12.Qd2 Nd4 13.Nxd4 cxd4 14.Ne2 dxe4 15.dxe4 a5
16.f3 a4 17.Rd1 axb3 18.axb3 Ra2 19.Rb1 Qb6 20.Kf1 Bb4 21.Qd1 O-O 22.Nc1 Ra7
23.g4 g6 24.hxg6 hxg6 25.Nd3 Bd6 26.Qd2 g5 27.Rh6 Rh7 28.Qh2 Qb7 29.Ra1 Rff7
30.Kg2 Bf8 31.Rxh7 Rxh7 32.Qg3 c5 33.Rh1 Rxh1 34.Kxh1 Be6 35.Qh2 Qa6 36.Qd2 Bd6
37.Kg2 Kg7 38.Qd1 c4 39.bxc4 Bxc4 40.Qd2 Qb5 41.Kf2 Kg6 42.Bc1 Qb1 43.Kg2 Qb5
44.Kf2 Bc7 45.Ba3 Ba5 46.Bb4 Bb6 47.Ba3 Qa4 48.Be7 Kf7 49.Bb4 Qb5 50.Kg2 Kg6
51.Kg3 Be6 52.Qh2 Kg7 53.Qd2 Qc6 54.Kg2 Bxg4 55.Nxe5 fxe5 56.Qxg5+ Kf7 57.Qxg4 Qxc2+
58.Kg3 Qc6 59.Qf5+ Qf6 60.Kg4 Bd8 61.Bd2 Kg7 62.Qd7+ Kg6 63.Qe8+ Kg7 64.Kg3 Qg6+
65.Qxg6+ Kxg6 66.Kf2 Kf7 67.Ke2 Ke6 68.Kd3 Bb6 69.Kc4 Ba7 70.Ba5 Bb8 71.Bb6 Bd6  1/2-1/2

[Event "TCh-BUL"]
[Site "Pamporovo BUL"]
[Date "2001.10.04"]
[Round "2"]
[White "Georgiev,Kr"]
[Black "Spasov,V"]
[Result "1/2-1/2"]
[WhiteElo "2487"]
[BlackElo "2569"]

1.e4 c5 2.Nf3 Nc6 3.Bb5 g6 4.c3 Nf6 5.e5 Nd5 6.d4 cxd4 7.Qb3 Nc7 8.Bc4 Ne6
9.cxd4 Na5 10.Qc3 Nxc4 11.Qxc4 Qc7 12.Qc3 d5 13.O-O Bd7 14.Qb3 Bc6 15.Nc3 Qd7
16.Be3 Bg7 17.Ne1 O-O 18.Nd3 f6 19.Rfd1 Rad8 20.Rd2  1/2-1/2

[Event "Tatry Open"]
[Site "High Tatras SVK"]
[Date "2001.10.05"]
[Round "8"]
[White "Kotan,L"]
[Black "Karlik,V"]
[Result "1-0"]
[WhiteElo "2347"]
[BlackElo "2283"]

1.e4 c5 2.Nf3 Nc6 3.Bb5 g6 4.O-O Bg7 5.Re1 e5 6.Bxc6 dxc6 7.d3 Qc7 8.Be3 b6
9.h3 Nf6 10.Qd2 O-O 11.Bh6 Nh5 12.Nc3 Bxh6 13.Qxh6 Nf4 14.Ne2 Nxe2+ 15.Rxe2 f6
16.Nd2 Be6 17.Rf1 g5 18.h4 g4 19.f3 Qg7 20.Qe3 Rf7 21.f4 Re8 22.Ref2 Ree7
23.Qg3 Rc7 24.b3 Rfe7 25.a4 a5 26.f5  1-0

[Event "TCh-BUL"]
[Site "Pamporovo BUL"]
[Date "2001.10.05"]
[Round "4"]
[White "Janev,E"]
[Black "Spasov,V"]
[Result "0-1"]
[WhiteElo "2493"]
[BlackElo "2569"]

1.e4 c5 2.Nf3 Nc6 3.Bb5 g6 4.O-O Bg7 5.c3 Nf6 6.e5 Nd5 7.d4 cxd4 8.cxd4 O-O
9.Nc3 Nc7 10.Ba4 d6 11.Qe2 Bg4 12.Rd1 Ne6 13.Be3 dxe5 14.dxe5 Qb8 15.h3 Bxf3
16.Qxf3 Nxe5 17.Qe4 Rc8 18.Bb5 Nc5 19.Qh4 e6 20.b4 a6 21.Bxc5 axb5 22.Ne4 Rd8
23.Be7 Rd5 24.Rxd5 exd5 25.Nf6+ Bxf6 26.Bxf6 Qd6 27.Re1 Re8 28.Kh1 Re6 29.Bxe5 Rxe5
30.Rd1 d4 31.Qg3 Rd5 32.Qxd6 Rxd6 33.Kg1 Kg7 34.Kf1 Kf6 35.Ke2 Ke5 36.Kd2 Ra6
37.Re1+ Kd5 38.Re7 Rxa2+ 39.Ke1 Kc4 40.Rxf7 Kxb4 41.Rc7 h5 42.g4 h4 43.g5 d3
44.Rxb7 Re2+ 45.Kd1 Rxf2 46.Rb6 Kc5 47.Rxg6 b4  0-1

[Event "Tatry Open"]
[Site "High Tatras SVK"]
[Date "2001.10.06"]
[Round "9"]
[White "Kalod,R"]
[Black "Bielczyk,J"]
[Result "1/2-1/2"]
[WhiteElo "2480"]
[BlackElo "2359"]

1.e4 c5 2.Nf3 Nc6 3.Bb5 g6 4.Bxc6 dxc6 5.h3 Bg7 6.d3 e5 7.Nc3 b6 8.Be3 Qe7
9.Qd2 Nf6 10.Bh6 Nh5 11.O-O-O Bxh6 12.Qxh6 f6 13.Nd2 Be6 14.Kb1 O-O-O 15.Ne2 Qf7
16.b3 g5 17.g3 Qg6 18.Qxg6 hxg6 19.Rdg1 Rh6  1/2-1/2

[Event "Tatry Open"]
[Site "High Tatras SVK"]
[Date "2001.10.06"]
[Round "9"]
[White "Petrik,S"]
[Black "Volodin,V"]
[Result "1/2-1/2"]
[WhiteElo "2210"]
[BlackElo "2311"]

1.e4 c5 2.Nf3 Nc6 3.Bb5 g6 4.O-O Bg7 5.c3 Nf6 6.e5 Nd5 7.d4 cxd4 8.cxd4 O-O
9.Nc3 Nc7 10.Ba4 d6 11.Bxc6 bxc6 12.Qa4 Bb7 13.exd6 exd6  1/2-1/2

[Event "TCh-RUS Siberian Zone"]
[Site "Omsk RUS"]
[Date "2001.10.06"]
[Round "2"]
[White "Bogachkov,I"]
[Black "Iskusnyh,S"]
[Result "0-1"]
[WhiteElo "2348"]
[BlackElo "2523"]

1.e4 c5 2.Nf3 Nc6 3.Bb5 g6 4.O-O Bg7 5.c3 a6 6.Bxc6 dxc6 7.d3 Nf6 8.Be3 b6
9.h3 a5 10.Qc2 O-O 11.d4 cxd4 12.cxd4 Ba6 13.Rd1 Nd7 14.Nc3 Qb8 15.Qc1 b5
16.Ne2 Rc8 17.Ng3 Nf8 18.Bf4 Qa7 19.Bh6 Bh8 20.Bxf8 Rxf8 21.e5 b4 22.Qxc6 Bb7
23.Qd7 e6 24.Qe7 Rae8 25.Qh4 f6 26.Ne4 Qa8 27.Nd6 Bxf3 28.gxf3 Rd8 29.Qg3 Bg7
30.f4 fxe5 31.fxe5 Bh6 32.Qg2 Qa7 33.Rd3 Rf4 34.Rad1 Rdf8 35.f3 Rxd4 36.Rxd4 Be3+
37.Kh1 Bxd4 38.Qg4 Bxb2 39.Qxe6+ Kh8 40.Ne4 Qe3 41.Rf1 Qe2 42.Rf2 Qe1+ 43.Kg2 Bd4  0-1

[Event "TCh-BUL"]
[Site "Pamporovo BUL"]
[Date "2001.10.06"]
[Round "5"]
[White "Bojkov,D"]
[Black "Lukov,V"]
[Result "1/2-1/2"]
[WhiteElo "2411"]
[BlackElo "2469"]

1.e4 c5 2.Nf3 Nc6 3.Bb5 g6 4.Bxc6 dxc6 5.d3 Bg7 6.Nc3 e5 7.Be3 Qe7 8.h3 Nf6
9.Qd2 Nd7 10.Bh6 f6 11.Bxg7 Qxg7 12.Nh2 g5 13.Nf1 Nf8 14.Ne3 Ng6 15.Ne2 Be6
16.Ng3 Qd7 17.Ngf5 h5 18.Qc3 b6 19.a4 Bxf5 20.Nxf5 Ne7 21.Nxe7 Kxe7 22.h4  1/2-1/2

[Event "TCh-RUS Siberian Zone"]
[Site "Omsk RUS"]
[Date "2001.10.07"]
[Round "3"]
[White "Osipov,V"]
[Black "Sherbakov,R"]
[Result "0-1"]
[WhiteElo "2297"]
[BlackElo "2539"]

1.e4 c5 2.Nf3 Nc6 3.Bb5 e6 4.Bxc6 bxc6 5.O-O Ne7 6.Re1 Ng6 7.c3 Be7 8.d4 d5
9.e5 O-O 10.Be3 f6 11.exf6 gxf6 12.dxc5 e5 13.Nbd2 Rf7 14.b4 Bd7 15.Bh6 Qc7
16.Qc2 Kh8 17.Kh1 Rg8 18.Ng1 e4 19.g3 Ne5 20.Bf4 Qc8 21.Bxe5 fxe5 22.f3 Rgf8
23.Rf1 Bg5 24.fxe4 Bg4 25.Ndf3 Bf6 26.Rae1 Bg7 27.Qg2 Qd8 28.Nd2 Rxf1 29.Rxf1 Rxf1
30.Nxf1 d4 31.c4 Bh6 32.h3 Be6 33.Nf3 Bxc4 34.Nxe5 Be6 35.Qf3 Bg7 36.Nxc6 Qd7
37.b5 d3 38.Nd2 Bxh3 39.Qf4 h6 40.Kh2 Be6 41.a4 Kh7 42.Nf3 Bc3 43.Qd6 d2
44.Nxd2 Bxd2 45.Qxd7+ Bxd7 46.Nxa7 Ba5 47.e5 Kg7 48.Kg2 Kf7 49.Kf3 Ke6 50.Ke4 h5
51.Kd4 Bc7 52.c6 Be8 53.Kc5 Bxe5 54.b6 Bxg3 55.a5 h4 56.c7 Bd7 57.Nc6 Bc8
58.Kb5 h3 59.a6 h2 60.a7 h1=Q 61.a8=Q Qf1+ 62.Kb4 Qb1+ 63.Kc3 Be1+ 64.Kd4 Qxb6+
65.Ke4 Qb1+ 66.Kd4 Qb2+ 67.Ke4 Qb1+ 68.Ke3 Qc1+ 69.Kf3 Qc3+ 70.Ke4 Qc2+ 71.Ke3 Bd2+
72.Ke2 Ba5+ 73.Ke3 Qd2+ 74.Kf3 Qd3+  0-1

[Event "TCh-RUS Siberian Zone"]
[Site "Omsk RUS"]
[Date "2001.10.07"]
[Round "3"]
[White "Kabanov,N"]
[Black "Arkhipov,S"]
[Result "1-0"]
[WhiteElo "2457"]
[BlackElo "2499"]

1.e4 c5 2.Nf3 Nc6 3.Bb5 e6 4.Bxc6 bxc6 5.d3 Ne7 6.Qe2 Ng6 7.h4 h5 8.e5 f6
9.Nbd2 Nxe5 10.Nxe5 fxe5 11.Qxe5 Qf6 12.Qc7 Qg6 13.Kf1 Be7 14.Ne4 O-O 15.Rh3 c4
16.Rg3 Qf5 17.Bg5 Bc5 18.Kg1 Bxf2+ 19.Nxf2 Qxf2+ 20.Kh2 Rf7 21.Qe5 Qf5 22.Qxf5 Rxf5
23.dxc4 Kf7 24.Kg1 d5 25.cxd5 cxd5 26.Rc3 Bd7 27.Rc5 Ke8 28.Rf1 Rxf1+ 29.Kxf1 Rc8
30.Rxc8+ Bxc8 31.Bf4 Bd7 32.Be5 Kf8 33.b3 Be8 34.Ke2 Bg6 35.c3 Bb1 36.a3 Ba2
37.b4 g6 38.Ke3 Ke8 39.Kd4 a6 40.Kc5 Kd7 41.Kb6 Bc4 42.a4 Bb3 43.Kxa6 Bxa4
44.b5 Kc8 45.g3  1-0

[Event "TCh-BUL"]
[Site "Pamporovo BUL"]
[Date "2001.10.07"]
[Round "6"]
[White "Ljangov,P"]
[Black "Kazakov,D"]
[Result "1/2-1/2"]
[WhiteElo "2201"]
[BlackElo "2197"]

1.e4 c5 2.Nf3 Nc6 3.Bb5 g6 4.O-O Bg7 5.c3 Nf6 6.Re1 O-O 7.d4 cxd4 8.cxd4 a6
9.Ba4 b5 10.Bc2 Nb4 11.Bb3 d5 12.e5 Ne4 13.a3 Nc6 14.h3 Bb7 15.Nbd2 Nxd2
16.Bxd2 Na5 17.Bc2 Nc4 18.Bc1 Rc8 19.b3 Nb6 20.Bd2 Rc6 21.Rc1 Qc7 22.Bd3 Rxc1
23.Qxc1 Qxc1 24.Rxc1 Rc8 25.Rxc8+ Bxc8 26.Kf1 Bf5 27.Bxf5 gxf5 28.Bb4 Kf8
29.Ne1 Ke8 30.Nd3 Nd7 31.Ba5 e6 32.Nb4 Nb8 33.Bc7 a5 34.Bxa5 Kd7 35.Nd3 Na6
36.Bc3 Bf8 37.Bb2 Be7 38.Ke2 Bd8 39.Bc3 Bb6 40.Nf4 Nb8 41.Nh5 Bd8 42.Kd3 Nc6
43.Bd2 Be7 44.a4 b4 45.g3 Na5 46.Kc2 Nc6 47.Be3 Ke8 48.h4 Kf8 49.Nf4 Kg7
50.Ne2 Kg6 51.Nf4+ Kg7 52.Nd3 Kg6 53.f3 Kg7 54.Nc5 Bxc5 55.dxc5 f6 56.f4 fxe5
57.fxe5 Kf7 58.Bf4 Ke7 59.Kd3  1/2-1/2

[Event "ch-SLO"]
[Site "Grize SLO"]
[Date "2001.10.08"]
[Round "8"]
[White "Basagic,Z"]
[Black "Kukovec,B"]
[Result "0-1"]
[WhiteElo "2377"]
[BlackElo "2094"]

1.e4 c5 2.Nf3 Nc6 3.Bb5 g6 4.O-O Bg7 5.Re1 e5 6.Bxc6 dxc6 7.d3 Qe7 8.b4 cxb4
9.a3 bxa3 10.Bxa3 Qc7 11.Nbd2 Ne7 12.Nc4 c5 13.Qb1 O-O 14.Qb5 b6 15.Bb2 Bd7
16.Qb3 Nc6 17.c3 Be6 18.Ng5 Bxc4 19.Qxc4 Na5 20.Qa6 Rfd8 21.Nf3 Rd7 22.Rad1 Rad8
23.Bc1 c4 24.d4 exd4 25.cxd4 Bxd4 26.Nxd4 Rxd4 27.Rxd4 Rxd4 28.Be3 Rxe4 29.Qb5 Qc6
30.Qg5 f6 31.Qg3 Re8 32.h4 c3 33.h5 Kg7 34.Rc1 c2 35.Bd4 Qd5 36.Qc3 Qc6 37.Qg3 Rd8
38.Qe3 Rxd4 39.Qxd4 Nb3 40.h6+ Kf7 41.Qd8 Nxc1 42.Qh8 Nd3 43.Qxh7+ Ke6  0-1

[Event "ULIM Cup"]
[Site "Kishnev MDA"]
[Date "2001.10.09"]
[Round "3"]
[White "Sanduleac,V"]
[Black "Pavlovic,SD"]
[Result "1/2-1/2"]
[WhiteElo "2461"]
[BlackElo "2346"]

1.e4 c5 2.Nf3 Nc6 3.Bb5 g6 4.Bxc6 dxc6 5.d3 Bg7 6.h3 Nf6 7.Nc3 O-O 8.Be3 b6
9.O-O Nd7 10.Qd2 e5 11.Bh6 Re8 12.Bxg7 Kxg7 13.Nh2 Nf8 14.f4 exf4 15.Qxf4 f6
16.Qd2 a5 17.Rf2 Ra7 18.Raf1 Rf7 19.b3 Qd6 20.Nd1 Be6 21.Ne3 h5 22.Qc3  1/2-1/2

[Event "TCh-RUS Siberian Zone"]
[Site "Omsk RUS"]
[Date "2001.10.09"]
[Round "5"]
[White "Kabanov,N"]
[Black "Starosek,K"]
[Result "0-1"]
[WhiteElo "2457"]
[BlackElo "2490"]

1.e4 c5 2.Nf3 Nc6 3.Bb5 g6 4.Bxc6 dxc6 5.d3 Bg7 6.h3 e5 7.Nc3 Qe7 8.Be3 Nf6
9.Qd2 h6 10.a3 Nd7 11.O-O Nf8 12.Na4 Ne6 13.b4 b6 14.bxc5 b5 15.Nb2 f5 16.exf5 gxf5
17.Qc1 O-O 18.Bxh6 e4 19.dxe4 fxe4 20.Nh2 Qf6 21.Bxg7 Qxg7 22.f4 Nxf4 23.Rxf4 Bxh3
24.g4 Qe5 25.Qe3 Rxf4 26.Re1 Qf6 27.Nd1 Bxg4 28.Qg3 Kh7 29.Nf2 Bh5 30.Qh3 Rg8+
31.Kh1 Rh4  0-1

[Event "1st Chess Week"]
[Site "Winterthur SUI"]
[Date "2001.10.09"]
[Round "5"]
[White "Czebe,A"]
[Black "Pavlovic,Mi"]
[Result "1-0"]
[WhiteElo "2491"]
[BlackElo "2488"]

1.e4 c5 2.Nf3 Nc6 3.Bb5 e6 4.O-O Nge7 5.c3 a6 6.Ba4 b5 7.Bc2 Bb7 8.a4 Ng6
9.axb5 axb5 10.Rxa8 Bxa8 11.Na3 b4 12.Nc4 Be7 13.d4 bxc3 14.bxc3 cxd4 15.cxd4 Nb4
16.Ne3 Nxc2 17.Qxc2 O-O 18.d5 Qc8 19.Qa4 d6 20.Bb2 Nf4 21.Rd1 Rd8 22.Qa1 Bf8
23.g3 Ng6 24.h4 h6 25.Qa5 exd5 26.Rc1 Qb8 27.Bc3 dxe4 28.Nd2 Re8 29.Ndc4 Ne5
30.Bxe5 dxe5 31.Nb6 Bb7 32.Qb5 Rd8 33.Nd7 Qa8 34.Rc7 Bc6 35.Nf6+ gxf6 36.Rxc6 Rd6
37.Rc7 Qd8 38.Qc4 Rd7 39.Rc8 Qe7 40.Qxe4  1-0

[Event "ULIM Cup"]
[Site "Kishnev MDA"]
[Date "2001.10.10"]
[Round "4"]
[White "Furtuna,A"]
[Black "Radovanovic,D"]
[Result "1-0"]
[WhiteElo "2234"]
[BlackElo "2351"]

1.e4 c5 2.Nf3 Nc6 3.Bb5 g6 4.O-O Bg7 5.c3 Nf6 6.Re1 O-O 7.h3 e5 8.d4 cxd4
9.cxd4 exd4 10.e5 Nd5 11.Bg5 Qa5 12.Na3 Nc3 13.bxc3 Qxa3 14.cxd4 d5 15.Re3 Qa5
16.Bxc6 bxc6 17.Be7 Re8 18.Ra3 Qc7 19.Bd6 Qd8 20.Qa4 Bd7 21.Qa5 Bf8 22.Qxd8 Rexd8
23.Bxf8 Kxf8 24.Rb1 Bf5 25.Rb7 Rd7 26.Rxd7 Bxd7 27.Nd2 Ke7 28.Nb3 Bc8 29.Ra5 a6
30.Rc5 Bd7 31.Kf1 Rb8 32.Ke2 Rb4 33.Kd2 Ra4 34.Ra5 Rxa5 35.Nxa5 Kd8  1-0

[Event "October Training"]
[Site "Singapore SIN"]
[Date "2001.10.10"]
[Round "2"]
[White "Chan Peng Kong"]
[Black "Nithiananthan,J"]
[Result "1/2-1/2"]
[WhiteElo "2383"]
[BlackElo "2105"]

1.e4 c5 2.Nf3 Nc6 3.Bb5 g6 4.Bxc6 dxc6 5.d3 Bg7 6.h3 Nf6 7.O-O Nd7 8.Nc3 e5
9.Be3 Qe7 10.Qd2 Nf8 11.Ne2 Ne6 12.c3 O-O 13.Rad1 b6 14.Qc2 Bb7 15.Nd2 Rad8
16.Nc4 Rd7 17.a3 Rfd8 18.f4 exf4 19.Nxf4 Ba6 20.Kh1 h6 21.b3 Ng5 22.Bc1 Ne6
23.Rf3 Ng5 24.Rff1 Rc7 25.Ne3 Rcd7 26.Nc4 Ne6 27.Rf3 Ng5  1/2-1/2

[Event "Match"]
[Site "Albert FRA"]
[Date "2001.10.11"]
[Round "3"]
[White "Sutovsky,E"]
[Black "Bacrot,E"]
[Result "0-1"]
[WhiteElo "2664"]
[BlackElo "2653"]

1.e4 c5 2.Nf3 Nc6 3.Bb5 e6 4.O-O Nge7 5.Nc3 a6 6.Bxc6 Nxc6 7.d4 cxd4 8.Nxd4 Qc7
9.Nxc6 dxc6 10.Be3 Be7 11.f4 O-O 12.Qh5 f5 13.Rf3 e5 14.Rh3 h6 15.Rf1 exf4
16.Bxf4 Bc5+ 17.Kh1 fxe4 18.Rhf3 Qe7 19.Rg3 Kh8 20.Nxe4 Qxe4 21.Rxg7 Rf6
22.Rg3 Bd6 23.Qh4 Be7 24.Rgf3 Rg6 25.Qf2 Be6 26.Re3 Qd5 27.Re5 Qd7 28.Qe3 Bd5
29.Bg3 Bd6 30.c4 Bxg2+ 31.Kxg2 Bxe5 32.Qxe5+ Qg7 33.Kh1 Qxe5 34.Bxe5+ Kg8
35.Rd1 Re8 36.Bg3 Rge6 37.Rd7 R8e7 38.Rd8+ Re8 39.Rd7 R8e7 40.Rd8+ Kg7 41.Bf2 Re2
42.Bd4+ Kg6  0-1

[Event "ULIM Cup"]
[Site "Kishnev MDA"]
[Date "2001.10.11"]
[Round "5"]
[White "Baltag,I"]
[Black "Pavlovic,SD"]
[Result "0-1"]
[WhiteElo "2231"]
[BlackElo "2346"]

1.e4 c5 2.Nf3 Nc6 3.Bb5 g6 4.Bxc6 dxc6 5.d3 Bg7 6.h3 e5 7.Be3 Qe7 8.Nc3 Nf6
9.a4 a5 10.O-O O-O 11.Nd2 Be6 12.Kh1 Rad8 13.Qe2 Nh5 14.Rae1 b6 15.Kh2 h6
16.g4 Nf4 17.Bxf4 exf4 18.e5 Rfe8 19.Nf3 Qd7 20.Qe4 g5 21.Rg1 b5 22.Qe2 Bd5
23.Nxd5 cxd5 24.d4 cxd4 25.Qxb5 Qxb5 26.axb5 Rc8 27.Re2 Rc5 28.Rd1 Rxb5 29.b3 Rb4
30.Kg2 a4 31.bxa4 Rxa4 32.Nxd4 Bxe5 33.Nf5 Re4 34.Red2 h5 35.f3 Rc4 36.Re2 hxg4
37.hxg4 Rc5 38.Rde1 f6 39.Rh1 Rc7 40.Rd1 Rd8 41.Red2 Kf7  0-1

[Event "ULIM Cup"]
[Site "Kishnev MDA"]
[Date "2001.10.11"]
[Round "5"]
[White "Sanduleac,V"]
[Black "Zhadko,V"]
[Result "1/2-1/2"]
[WhiteElo "2461"]
[BlackElo "2315"]

1.e4 c5 2.Nf3 Nc6 3.Bb5 d6 4.O-O Bd7 5.Re1 Nf6 6.c3 a6 7.Bf1 Bg4 8.h3 Bh5
9.d3 e6 10.Nbd2 Be7 11.Be2 Rc8 12.Nh2 Bxe2 13.Qxe2 g5 14.Ndf3 h6 15.d4 cxd4
16.Nxd4 Ne5 17.Ndf3 Nfd7 18.Nxe5 dxe5 19.Be3 Qc7 20.Rad1 Nf6 21.Bc1 Qc4 22.Qxc4 Rxc4
23.f3 Bc5+ 24.Be3 h5  1/2-1/2

[Event "ULIM Cup"]
[Site "Kishnev MDA"]
[Date "2001.10.12"]
[Round "6"]
[White "Greabca,I"]
[Black "Doibani,L"]
[Result "1/2-1/2"]
[WhiteElo "2348"]
[BlackElo "2035"]

1.e4 c5 2.Nf3 Nc6 3.Bb5 g6 4.Bxc6 bxc6 5.d4 Bg7 6.O-O cxd4 7.Nxd4 Rb8 8.c3 Qc7
9.Nd2 e5 10.N4b3 Ba6 11.Re1 d6 12.Nf3 Ne7 13.Be3 O-O  1/2-1/2

[Event "ULIM Cup"]
[Site "Kishnev MDA"]
[Date "2001.10.14"]
[Round "8"]
[White "Svetushkin,D"]
[Black "Chernov,Va"]
[Result "1/2-1/2"]
[WhiteElo "2459"]
[BlackElo "2388"]

1.e4 c5 2.Nf3 Nc6 3.Bb5 g6 4.Bxc6 dxc6 5.d3 Bg7 6.h3 Nf6 7.Nc3 Nd7 8.Be3 e5
9.O-O Qe7 10.Qd2 Nf8 11.a3 Ne6 12.Ne2 O-O 13.Bh6 Bxh6 14.Qxh6 f6 15.Qe3 Bd7
16.c3 Rad8 17.Rad1 b6 18.Rfe1 Kg7 19.Nh2 Bc8 20.f4 exf4 21.Nxf4 Nxf4 22.Qxf4 Qd6
23.Qh4 Rfe8 24.Nf3 h6 25.Qf2 Qf4 26.Re3 Re7  1/2-1/2

[Event "ULIM Cup"]
[Site "Kishnev MDA"]
[Date "2001.10.14"]
[Round "8"]
[White "Sheremetieva,M"]
[Black "Pavlovic,SD"]
[Result "1-0"]
[WhiteElo "2308"]
[BlackElo "2346"]

1.e4 c5 2.Nf3 Nc6 3.Bb5 g6 4.Bxc6 dxc6 5.h3 e5 6.d3 f6 7.O-O Nh6 8.c3 Nf7
9.d4 cxd4 10.cxd4 exd4 11.Nxd4 Bc5 12.Nb3 Bb6 13.Qc2 Qe7 14.Bf4 O-O 15.N1d2 Ne5
16.Nc4 Nxc4 17.Qxc4+ Be6 18.Qc3 Bf7 19.Rfe1 Rfe8 20.Bg3 Rad8 21.a4 a5 22.Bf4 Qb4
23.Qxb4 axb4 24.a5 Ba7 25.Be3 Bxe3 26.Rxe3 Bxb3 27.Rxb3 Rxe4 28.a6 Ra8 29.a7 Kf7
30.f3 Rd4 31.Kf2 Ke6 32.Re3+ Kd6 33.Ke2 f5 34.g4 f4 35.Rd3 Rd5 36.h4 c5 37.b3 Kc6
38.Rxd5 Kxd5 39.Kd3 b5 40.h5 c4+ 41.Kc2 gxh5 42.gxh5 Kd4 43.h6 Ke3 44.Re1+ Kxf3
45.Re7 Kg2 46.Rxh7 f3 47.Rg7+ Kh1 48.h7 Rh8  1-0

[Event "Sportland NRW Cup"]
[Site "Senden GER"]
[Date "2001.10.14"]
[Round "2"]
[White "Sandipan,C"]
[Black "Goihl,M"]
[Result "1-0"]
[WhiteElo "2427"]
[BlackElo "2134"]

1.e4 c5 2.Nf3 Nc6 3.Bb5 g6 4.Bxc6 dxc6 5.d3 Bg7 6.h3 Qc7 7.Nc3 Nf6 8.Be3 b6
9.Qd2 O-O 10.Bf4 Qd8 11.Bh6 Qc7 12.O-O Rd8 13.a3 Ba6 14.Bxg7 Kxg7 15.Qe3 e5
16.b4 c4 17.d4 exd4 18.Nxd4 c5 19.Nf5+ Kh8 20.Ng3 cxb4 21.axb4 Bb7 22.b5 Re8
23.f4 Kg8 24.Kh1 Nd5 25.Nxd5 Bxd5 26.Qd4 Bb7 27.Ra4 Rec8 28.Rf3 Qc5 29.Qf6 Rd8
30.Ra1 Qxb5 31.Nf5 gxf5 32.Rg3+ Kf8 33.Rg7 Bd5 34.Rxh7 Ke8 35.exd5 Qxd5 36.Re1+ Kd7
37.Rxf7+ Kc8 38.Ree7 Kb8 39.Rb7+ Qxb7 40.Qxd8+  1-0

[Event "Essent Open"]
[Site "Hoogeveen NED"]
[Date "2001.10.18"]
[Round "7"]
[White "Vuilleumier,A"]
[Black "Potze,R"]
[Result "1-0"]
[WhiteElo "2150"]
[BlackElo "2145"]

1.e4 c5 2.Nf3 Nc6 3.Bb5 g6 4.O-O Bg7 5.c3 e5 6.d4 cxd4 7.cxd4 exd4 8.Bf4 a6
9.Bc4 d6 10.Qb3 Qe7 11.Bxd6 Qxd6 12.Bxf7+ Kf8 13.Bxg8 Rxg8 14.Ng5 Be6 15.Nxe6+ Ke7
16.Nxg7 b5 17.e5 Qd7 18.Nd2 Rxg7 19.Rac1 Kd8 20.Rc5 Re7 21.Rd5  1-0

[Event "5th Itau Cup"]
[Site "Sao Paulo BRA"]
[Date "2001.10.19"]
[Round "7"]
[White "Franco,H"]
[Black "De Souza,M"]
[Result "1/2-1/2"]
[WhiteElo "2126"]
[BlackElo "2366"]

1.e4 c5 2.Nf3 Nc6 3.Bb5 g6 4.O-O Bg7 5.Re1 Nf6 6.a4 O-O 7.Nc3 d6 8.h3 Nd4
9.Bf1 b6 10.Nxd4 cxd4 11.Nb5 Bb7 12.d3 e5 13.c3 a6 14.Na3 dxc3 15.bxc3 d5
16.Bg5 dxe4 17.Bxf6 Bxf6 18.dxe4 Qc7 19.Qb3 Rfb8 20.Bc4 Rd8 21.Rab1 Rd6 22.Bd5 Bxd5
23.exd5 Rc8 24.c4 Qc5 25.Qb4 Bg7 26.Qxc5 Rxc5 27.Rb3 Bf6 28.Kf1 Ra5 29.Reb1 Be7
30.Nc2 Rxa4 31.Rxb6 Rxc4 32.Ne3 Ra4 33.Rxd6 Bxd6 34.Rc1 e4 35.g3 Be5 36.Rc8+ Kg7
37.Nc4 Bf6 38.d6 a5 39.d7 Be7 40.Nd6 Kf6  1/2-1/2

[Event "TCh-CZE 2001-2"]
[Site "CZE"]
[Date "2001.10.20"]
[Round "1"]
[White "Vyskocil,N"]
[Black "Nun,Ji"]
[Result "0-1"]
[WhiteElo "2297"]
[BlackElo "2386"]

1.e4 c5 2.Nf3 Nc6 3.Bb5 e6 4.Bxc6 bxc6 5.d3 Ne7 6.O-O Ng6 7.Ng5 Be7 8.Nh3 d6
9.f4 f5 10.Qh5 O-O 11.Nd2 Qe8 12.exf5 exf5 13.Re1 h6 14.Nc4 Qf7 15.Bd2 d5
16.Na5 Bd7 17.Re3 Nh8 18.Qxf7+ Kxf7 19.Rae1 Rfe8 20.Kf1 Rab8 21.Nb3 Ng6 22.c4 Nf8
23.Ng1 Be6 24.Nf3 Bd6 25.cxd5 cxd5 26.Ne5+ Bxe5 27.Rxe5 Nd7 28.R5e2 d4 29.Ba5 Bxb3
30.Rxe8 Rxe8 31.Rxe8 Kxe8 32.axb3 Kf7 33.b4 Ke6 34.bxc5 Nxc5 35.Ke2 Kd5 36.Bc7 Ne6
37.Be5 g5 38.g3 g4 39.Bb8 a6 40.Kd2  0-1

[Event "TCh-CZE 2001-2"]
[Site "CZE"]
[Date "2001.10.20"]
[Round "1"]
[White "Sosna,J"]
[Black "Lanc,A"]
[Result "1/2-1/2"]
[WhiteElo "2415"]
[BlackElo "2366"]

1.e4 c5 2.Nf3 Nc6 3.Bb5 d6 4.O-O Bd7 5.c3 a6 6.Bxc6 bxc6 7.d4 cxd4 8.cxd4 g6
9.Nc3 Bg7 10.Re1 Nh6 11.Bf4 O-O 12.Qd2 Ng4 13.h3 Nf6 14.e5 Ne8 15.Ne4 Be6
16.Qb4 a5 17.Qa3 dxe5 18.dxe5 Nc7 19.Rad1 Nd5 20.Nc5 Bc8 21.Bg3 Qb6 22.Nd4 Nb4
23.Rc1 Bh6 24.Rc4 Ba6 25.Nxa6 Qxa6 26.Qb3 Bd2 27.Rxb4 Bxb4 28.Re4 Bc5 29.Nf3 Rad8
30.Rc4 Ba7 31.Qc2 Rd5 32.Rxc6 Qb5 33.Rc7 Rc5 34.Rxc5 Qxc5 35.Qd2 Rc8 36.Kh2 Bb8
37.h4 Bc7 38.Qh6 f6 39.h5 gxh5 40.Qxh5 Qc4 41.Qf5 Rf8 42.exf6 exf6 43.b3 Qc1
44.Nh4 Bxg3+ 45.fxg3 Qg5 46.Qe6+ Kh8 47.Qd6 Rg8 48.a3 Qe5 49.Qd3 Rg5  1/2-1/2